[Event "Dortmund Sparkassen op 47th"]
[Site "Dortmund"]
[Date "2019.07.19"]
[Round "7"]
[White "Kracht, Raphael"]
[Black "Burchert, Wolfgang"]
[Result "1/2-1/2"]
[WhiteElo "2000"]
[BlackElo "2075"]
[PlyCount "101"]
[EventDate "2019.07.13"]
[EventType "swiss"]
[EventRounds "9"]
[EventCountry "GER"]
[SourceTitle "EXT 2020"]
[Source "ChessBase"]
[SourceDate "2019.10.17"]
[SourceVersion "1"]
[SourceVersionDate "2019.10.17"]
[SourceQuality "1"]

1. e4 d6 2. d4 Nf6 3. Nc3 e5 4. Nf3 Nbd7 5. Bc4 Be7 6. 0-0 0-0 7. Re1 c6 8. a4 a5 9. h3 Qc7 10. Ba2 h6 11. Be3 Re8 12. dxe5 dxe5 13. Nh4 Nf8 14. Qf3 Be6 15. Bxe6 Nxe6 16. Nf5 Kh7 17. g4 Ng8 18. Nxe7 Rxe7 19. Rad1 g6 20. h4 Rd8 21. Ne2 Kg7 22. c3 Rxd1 23. Rxd1 Rd7 24. Rxd7 Qxd7 25. Kg2 Qd1 26. Nd4 Qxa4 27. Nxe6+ fxe6 28. Bc5 Nf6 29. Bf8+ Kf7 30. Bxh6 Qxe4 31. Qxe4 Nxe4 32. Kf3 Nd6 33. h5 a4 34. Ke2 Nc4 35. Bc1 gxh5 36. gxh5 e4 37. f3 exf3+ 38. Kxf3 b5 39. Ke4 c5 40. Kd3 Kf6 41. Kc2 Kf5 42. b3 axb3+ 43. Kxb3 e5 44. h6 Kg6 45. Kc2 e4 46. Bf4 Nb6 47. Be3 Nd7 48. c4 bxc4 49. Kc3 Ne5 50. Bf4 Ng4 51. Kxc4 1/2-1/2

[Event "Ruhrgebiet Regionalliga 1819"]
[Site "Nordrheinwestfalen"]
[Date "2019.03.03"]
[Round "8.2"]
[White "Burchert, Wolfgang"]
[Black "Villwock, Martin"]
[Result "1-0"]
[WhiteElo "2008"]
[BlackElo "2166"]
[PlyCount "115"]
[EventDate "2018.09.02"]
[EventType "team-tourn"]
[EventRounds "11"]
[EventCountry "GER"]
[SourceTitle "EXT 2022"]
[Source "ChessBase"]
[SourceDate "2021.10.06"]
[SourceVersion "1"]
[SourceVersionDate "2021.10.06"]
[SourceQuality "1"]
[WhiteTeam "Dortmund Hansa II"]
[BlackTeam "Essen Katernberg II"]
[WhiteTeamCountry "GER"]
[BlackTeamCountry "GER"]

1. e4 c5 2. Nf3 Nc6 3. d4 cxd4 4. Nxd4 Nf6 5. Nc3 e5 6. Ndb5 d6 7. Bg5 a6 8. Na3 b5 9. Nd5 Be7 10. Bxf6 Bxf6 11. c4 b4 12. Nc2 a5 13. Qf3 Bg5 14. h4 Be7 15. Rd1 0-0 16. c5 Be6 17. Nxe7+ Qxe7 18. Rxd6 Nd4 19. Nxd4 exd4 20. Qd3 Bxa2 21. Qxd4 Rfb8 22. Rd7 Qe6 23. Bd3 Qg4 24. 0-0 Be6 25. Rd6 Qxh4 26. c6 Rd8 27. c7 Rxd6 28. Qxd6 g6 29. Qc6 Rf8 30. Ba6 Qg4 31. Rc1 Bc8 32. Bxc8 Rxc8 33. Qd6 Qe6 34. Qd5 a4 35. Qd8+ Kg7 36. Qd4+ Kg8 37. Qxb4 Qd7 38. Qb7 h5 39. Kf1 h4 40. Ke1 h3 41. gxh3 Qxh3 42. Rd1 Qh1+ 43. Kd2 Qh3 44. Kc2 Kg7 45. Kb1 a3 46. bxa3 Qc3 47. Qb2 Rxc7 48. Qxc3+ Rxc3 49. Kb2 Rf3 50. Rd2 f5 51. exf5 Rxf5 52. a4 Kf6 53. Kb3 Kg5 54. Kb4 Re5 55. a5 Re1 56. Ra2 Rb1+ 57. Kc5 Rb8 58. a6 1-0

[Event "Bayern-chI Bank Hofmann 22nd"]
[Site "Tegernsee"]
[Date "2018.10.30"]
[Round "4"]
[White "Burchert, Wolfgang"]
[Black "Kulaots, Kaido"]
[Result "0-1"]
[WhiteElo "2057"]
[BlackElo "2546"]
[PlyCount "92"]
[EventDate "2018.10.27"]
[EventType "swiss"]
[EventRounds "9"]
[EventCountry "GER"]
[SourceTitle "CBM 187 Extra"]
[Source "ChessBase"]
[SourceDate "2018.11.04"]
[SourceVersion "1"]
[SourceVersionDate "2018.11.04"]
[SourceQuality "1"]

1. e4 c5 2. Nf3 d6 3. d4 cxd4 4. Nxd4 Nf6 5. Nc3 a6 6. h3 g6 7. g4 Bg7 8. Bg2 0-0 9. Be3 Nc6 10. Nd5 Qa5+ 11. c3 Nxd5 12. exd5 Ne5 13. 0-0 Bd7 14. Re1 Nc4 15. Bc1 Rfe8 16. Qb3 Rac8 17. Bg5 Bxd4 18. cxd4 f6 19. Bf4 Qb6 20. Qxb6 Nxb6 21. Rac1 Rxc1 22. Rxc1 Rc8 23. Rxc8+ Bxc8 24. b3 Bd7 25. Bd2 Be8 26. Ba5 Na8 27. f4 Bf7 28. Kf2 b6 29. Bd2 Nc7 30. Be4 Bxd5 31. Bd3 Kf7 32. f5 g5 33. Kg3 Ke8 34. h4 h6 35. hxg5 fxg5 36. Bc3 Kd7 37. Bb2 Kc6 38. Bc3 a5 39. Kf2 Ne8 40. Kg3 Nf6 41. Bb2 b5 42. Bc2 b4 43. a3 Be4 44. Bd1 Nd5 45. axb4 axb4 46. Kf2 Nc3 0-1

[Event "Ruhrgebiet Regionalliga 1819"]
[Site "Nordrheinwestfalen"]
[Date "2018.09.02"]
[Round "1.4"]
[White "Burchert, Wolfgang"]
[Black "Kilian, Ralf"]
[Result "1-0"]
[WhiteElo "2000"]
[BlackElo "2082"]
[PlyCount "79"]
[EventDate "2018.09.02"]
[EventType "team-tourn"]
[EventRounds "11"]
[EventCountry "GER"]
[SourceTitle "EXT 2022"]
[Source "ChessBase"]
[SourceDate "2021.10.06"]
[SourceVersion "1"]
[SourceVersionDate "2021.10.06"]
[SourceQuality "1"]
[WhiteTeam "Dortmund Hansa II"]
[BlackTeam "Kamen SV"]
[WhiteTeamCountry "GER"]
[BlackTeamCountry "GER"]

1. e4 e6 2. d4 d5 3. e5 c5 4. c3 Nc6 5. Nf3 Qb6 6. Bd3 Bd7 7. 0-0 cxd4 8. cxd4 Nxd4 9. Nbd2 Bc5 10. b4 Qxb4 11. Nxd4 Bxd4 12. Rb1 Qa4 13. Qxa4 Bxa4 14. Rb4 Bxe5 15. Rxa4 Ne7 16. Ba3 Nc6 17. Bb5 Kd7 18. Nb3 Bd6 19. Nc5+ Bxc5 20. Bxc5 a6 21. Be2 Rhc8 22. f4 Ne7 23. Bf2 Nf5 24. Rb4 Nd6 25. a4 Rc2 26. Bd3 Rd2 27. Bb1 b5 28. axb5 axb5 29. Re1 Ra4 30. Rxa4 bxa4 31. Be3 Rb2 32. Bd4 Rb4 33. Bxg7 f5 34. g3 Nc4 35. Ba2 Nd6 36. Kf2 Ne4+ 37. Ke3 Nc5 38. Rb1 Nb3 39. Bxb3 axb3 40. Kd3 1-0

[Event "Ruhrgebiet Regionalliga 1718"]
[Site "Germany"]
[Date "2018.04.15"]
[Round "8.3"]
[White "Becker, Marco"]
[Black "Burchert, Wolfgang"]
[Result "1/2-1/2"]
[WhiteElo "1964"]
[BlackElo "2000"]
[PlyCount "39"]
[EventDate "2017.10.01"]
[EventType "team-tourn"]
[EventRounds "9"]
[EventCountry "GER"]
[SourceTitle "EXT 2022"]
[Source "ChessBase"]
[SourceDate "2021.10.06"]
[SourceVersion "1"]
[SourceVersionDate "2021.10.06"]
[SourceQuality "1"]
[WhiteTeam "Horst Emscher"]
[BlackTeam "Dortmund Hansa II"]
[WhiteTeamCountry "GER"]
[BlackTeamCountry "GER"]

1. e4 c5 2. g3 Nc6 3. Bg2 g6 4. Ne2 Bg7 5. 0-0 e6 6. c3 Nge7 7. d3 0-0 8. f4 d5 9. e5 Rb8 10. Nd2 b5 11. Nb3 c4 12. Nbd4 Nxd4 13. Nxd4 Qc7 14. Be3 a5 15. a4 Bd7 16. axb5 Bxb5 17. Nxb5 Rxb5 18. Qa4 Rxb2 19. dxc4 dxc4 20. Qxa5 1/2-1/2

[Event "Bad Woerishofen op 34th"]
[Site "Bad Woerishofen"]
[Date "2018.03.01"]
[Round "7"]
[White "Burchert, Wolfgang"]
[Black "Flemming, Achim"]
[Result "1/2-1/2"]
[WhiteElo "2042"]
[BlackElo "1967"]
[PlyCount "36"]
[EventDate "2018.02.23"]
[EventType "swiss"]
[EventRounds "9"]
[EventCountry "GER"]
[SourceTitle "EXT 2019"]
[Source "ChessBase"]
[SourceDate "2018.10.10"]
[SourceVersion "1"]
[SourceVersionDate "2018.10.10"]
[SourceQuality "1"]

1. e4 e5 2. Nf3 Nc6 3. d4 exd4 4. Nxd4 Nf6 5. Nxc6 bxc6 6. e5 Qe7 7. Qe2 Nd5 8. h4 d6 9. c4 Nb6 10. exd6 cxd6 11. b3 Bg4 12. f3 Qxe2+ 13. Bxe2 Be6 14. Nc3 d5 15. cxd5 Bb4 16. Bd2 Nxd5 17. Nxd5 Bxd2+ 18. Kxd2 Bxd5 1/2-1/2

[Event "Bad Woerishofen op 34th"]
[Site "Bad Woerishofen"]
[Date "2018.02.23"]
[Round "1"]
[White "Vorobiov, Evgeny E"]
[Black "Burchert, Wolfgang"]
[Result "1/2-1/2"]
[WhiteElo "2548"]
[BlackElo "2042"]
[PlyCount "113"]
[EventDate "2018.02.23"]
[EventType "swiss"]
[EventRounds "9"]
[EventCountry "GER"]
[SourceTitle "CBM 183 Extra"]
[Source "ChessBase"]
[SourceDate "2018.04.19"]
[SourceVersion "1"]
[SourceVersionDate "2018.04.19"]
[SourceQuality "1"]

1. d4 Nf6 2. c4 e6 3. Nf3 Bb4+ 4. Nbd2 0-0 5. a3 Bxd2+ 6. Qxd2 d6 7. b3 b6 8. Bb2 Bb7 9. e3 Nbd7 10. Be2 Qe7 11. 0-0 d5 12. cxd5 Bxd5 13. b4 c5 14. Rfc1 cxd4 15. Qxd4 Rfc8 16. Ne5 Nxe5 17. Qxe5 Qb7 18. f3 Rxc1+ 19. Rxc1 Rc8 20. e4 Rxc1+ 21. Bxc1 Qc8 22. Bb2 Bb7 23. Kf2 Ne8 24. Qd4 h6 25. Bd3 Qc7 26. Qe5 Qc8 27. Qd4 Qc7 28. g3 Kf8 29. a4 Kg8 30. Ke3 Bc6 31. b5 Bd7 32. Ba3 Nf6 33. Qd6 Qc8 34. g4 e5 35. Kd2 Qe8 36. Bb2 Be6 37. Qxe5 Qd7 38. Bd4 Bb3 39. h4 Bxa4 40. g5 hxg5 41. hxg5 Ne8 42. Bc4 Kf8 43. Ke3 Qd6 44. Qf5 Qc7 45. Be2 Bb3 46. Qe5 Qc1+ 47. Kf2 Qc2 48. Bc3 Bc4 49. Bb4+ Kg8 50. Qxe8+ Kh7 51. Qe5 Qxe2+ 52. Kg3 Qf1 53. Bc3 Qg1+ 54. Kf4 Qh2+ 55. Ke3 Qe2+ 56. Kf4 Qh2+ 57. Ke3 1/2-1/2

[Event "Ruhrgebiet Regionalliga 1718"]
[Site "Germany"]
[Date "2017.10.01"]
[Round "1.5"]
[White "Brockmann, Fabian"]
[Black "Burchert, Wolfgang"]
[Result "1/2-1/2"]
[WhiteElo "1965"]
[BlackElo "2037"]
[PlyCount "33"]
[EventDate "2017.10.01"]
[EventType "team-tourn"]
[EventRounds "9"]
[EventCountry "GER"]
[SourceTitle "EXT 2022"]
[Source "ChessBase"]
[SourceDate "2021.10.06"]
[SourceVersion "1"]
[SourceVersionDate "2021.10.06"]
[SourceQuality "1"]
[WhiteTeam "Dortmund SV"]
[BlackTeam "Dortmund Hansa II"]
[WhiteTeamCountry "GER"]
[BlackTeamCountry "GER"]

1. e4 c5 2. b3 e5 3. Bb2 d6 4. Bc4 Nf6 5. Nc3 Nc6 6. d3 Be7 7. Nge2 0-0 8. 0-0 Nd4 9. f4 Ng4 10. Nd5 Nxe2+ 11. Qxe2 exf4 12. Rxf4 Ne5 13. Bxe5 dxe5 14. Nxe7+ Qxe7 15. Rf2 Be6 16. Bxe6 Qxe6 17. a4 1/2-1/2

[Event "Ruhrgebiet Verbandsliga Gruppe 2 1617"]
[Site "Germany"]
[Date "2017.01.29"]
[Round "6.6"]
[White "Burchert, Wolfgang"]
[Black "Kucheyda, Joerg"]
[Result "1-0"]
[WhiteElo "2025"]
[BlackElo "1916"]
[PlyCount "81"]
[EventDate "2016.09.04"]
[EventType "team-tourn"]
[EventRounds "9"]
[EventCountry "GER"]
[SourceTitle "EXT 2022"]
[Source "ChessBase"]
[SourceDate "2021.10.06"]
[SourceVersion "1"]
[SourceVersionDate "2021.10.06"]
[SourceQuality "1"]
[WhiteTeam "Dortmund Hansa II"]
[BlackTeam "Gladbeck SG"]
[WhiteTeamCountry "GER"]
[BlackTeamCountry "GER"]

1. e4 e6 2. d4 d5 3. e5 c5 4. c3 Nc6 5. Nf3 Bd7 6. Bd3 Qb6 7. 0-0 cxd4 8. cxd4 Nxd4 9. Nbd2 Nc6 10. Nb3 Qc7 11. Bf4 b6 12. Rc1 Qb7 13. h4 h6 14. h5 Nge7 15. Re1 g6 16. hxg6 fxg6 17. Nh2 h5 18. Nf3 Nf5 19. a3 Be7 20. Ng5 Nd8 21. Rc3 Nf7 22. Nf3 Rc8 23. Rxc8+ Qxc8 24. Qe2 Qd8 25. Rc1 Ng5 26. Nfd4 0-0 27. Bxf5 exf5 28. e6 Ba4 29. Rc7 Re8 30. Rxa7 Bxb3 31. Nxb3 Bd6 32. Rd7 Bxf4 33. Rxd8 Rxd8 34. g3 Bd6 35. Qe3 Be7 36. Nd4 Rc8 37. Kg2 Rc4 38. b3 Rc5 39. b4 Rc4 40. Qe5 Ne4 41. Qxd5 1-0

[Event "Ruhrgebiet Verbandsliga Gruppe 2 1617"]
[Site "Germany"]
[Date "2016.11.27"]
[Round "4.5"]
[White "Zeldin, Vitali"]
[Black "Burchert, Wolfgang"]
[Result "1/2-1/2"]
[WhiteElo "1996"]
[BlackElo "2024"]
[PlyCount "83"]
[EventDate "2016.09.04"]
[EventType "team-tourn"]
[EventRounds "9"]
[EventCountry "GER"]
[SourceTitle "EXT 2022"]
[Source "ChessBase"]
[SourceDate "2021.10.06"]
[SourceVersion "1"]
[SourceVersionDate "2021.10.06"]
[SourceQuality "1"]
[WhiteTeam "Bochum SG III"]
[BlackTeam "Dortmund Hansa II"]
[WhiteTeamCountry "GER"]
[BlackTeamCountry "GER"]

1. e4 c5 2. Nf3 e6 3. c3 Nf6 4. e5 Nd5 5. d4 cxd4 6. cxd4 d6 7. Bd3 Nc6 8. a3 Qc7 9. 0-0 Be7 10. Re1 Bd7 11. Bd2 0-0 12. Nc3 Nxc3 13. Bxc3 d5 14. Rc1 Qb6 15. Qd2 a5 16. Qf4 Na7 17. Qg4 Rac8 18. Bd2 Rxc1 19. Bxc1 Rc8 20. h4 Ba4 21. h5 Bc2 22. Bh6 g6 23. Bxc2 Rxc2 24. Qf4 Qd8 25. Ng5 Qe8 26. Re3 Nc6 27. Rb3 b5 28. Rxb5 Rc4 29. Rb6 Rxd4 30. Qxf7+ Qxf7 31. Nxf7 Kxf7 32. Rxc6 gxh5 33. Ra6 a4 34. Ra7 Ke8 35. g3 Rc4 36. Rb7 Rc2 37. Be3 Rc4 38. Kg2 Re4 39. Bf4 h4 40. Kh3 hxg3 41. fxg3 h5 42. Rb8+ 1/2-1/2

[Event "Ruhrgebiet Verbandsliga Gruppe 1 1516"]
[Site "Germany"]
[Date "2015.12.20"]
[Round "5.3"]
[White "Haase, Thomas Konstantin"]
[Black "Burchert, Wolfgang"]
[Result "0-1"]
[WhiteElo "2082"]
[BlackElo "2022"]
[PlyCount "70"]
[EventDate "2015.09.06"]
[EventType "team-tourn"]
[EventRounds "9"]
[EventCountry "GER"]
[SourceTitle "EXT 2022"]
[Source "ChessBase"]
[SourceDate "2021.10.06"]
[SourceVersion "1"]
[SourceVersionDate "2021.10.06"]
[SourceQuality "1"]
[WhiteTeam "Bochum SG III"]
[BlackTeam "Dortmund Hansa III"]
[WhiteTeamCountry "GER"]
[BlackTeamCountry "GER"]

1. d4 Nf6 2. Nf3 e6 3. c4 Bb4+ 4. Nbd2 0-0 5. a3 Be7 6. g3 b6 7. Bg2 Bb7 8. 0-0 c5 9. dxc5 Bxc5 10. b4 Be7 11. Bb2 d6 12. Rc1 Nbd7 13. Qb3 Rc8 14. Rfd1 Qc7 15. Ba1 Rfd8 16. Qb2 Bf8 17. h4 Qb8 18. Nf1 d5 19. Ne3 dxc4 20. Nxc4 Bd5 21. Ne3 Be4 22. Qd4 Rxc1 23. Rxc1 Rc8 24. Rd1 h5 25. Ng5 Bxg2 26. Nxg2 Qc7 27. Ne3 a5 28. bxa5 bxa5 29. Qd3 Ne5 30. Qb5 Neg4 31. Nxg4 Nxg4 32. Qd3 Qc2 33. Qd7 Rc7 34. Qd8 Qxe2 35. Rf1 Rc1 0-1

[Event "Bayern-chI Bank Hofmann 19th"]
[Site "Bad Wiessee"]
[Date "2015.11.07"]
[Round "8"]
[White "Burchert, Wolfgang"]
[Black "Buecker, Stefan"]
[Result "0-1"]
[WhiteElo "2119"]
[BlackElo "2287"]
[PlyCount "50"]
[EventDate "2015.10.31"]
[EventType "swiss"]
[EventRounds "9"]
[EventCountry "GER"]
[SourceTitle "EXT 2017"]
[Source "ChessBase"]
[SourceDate "2016.10.25"]
[SourceVersion "1"]
[SourceVersionDate "2016.10.25"]
[SourceQuality "1"]

1. e4 Nf6 2. e5 Nd5 3. d4 d6 4. c4 Nb6 5. exd6 exd6 6. Nc3 Be7 7. h3 Bf5 8. Nf3 0-0 9. Bd3 Qd7 10. 0-0 Nc6 11. Bxf5 Qxf5 12. b3 Rad8 13. Be3 d5 14. c5 Nc8 15. Qd2 Rd7 16. Bf4 b6 17. cxb6 cxb6 18. Ne5 Nxe5 19. Bxe5 Bb4 20. Rac1 Ne7 21. Qf4 f6 22. Bc7 Rc8 23. Nb5 a6 24. a3 axb5 25. axb4 Rdxc7 0-1

[Event "Ruhrgebiet Verbandsliga Gruppe 1 1516"]
[Site "Germany"]
[Date "2015.09.06"]
[Round "1.3"]
[White "Burchert, Wolfgang"]
[Black "Drzasga, Michael"]
[Result "1/2-1/2"]
[WhiteElo "2024"]
[BlackElo "1956"]
[PlyCount "52"]
[EventDate "2015.09.06"]
[EventType "team-tourn"]
[EventRounds "9"]
[EventCountry "GER"]
[SourceTitle "EXT 2022"]
[Source "ChessBase"]
[SourceDate "2021.10.06"]
[SourceVersion "1"]
[SourceVersionDate "2021.10.06"]
[SourceQuality "1"]
[WhiteTeam "Dortmund Hansa III"]
[BlackTeam "Hoentrop SG"]
[WhiteTeamCountry "GER"]
[BlackTeamCountry "GER"]

1. e4 d5 2. exd5 Qxd5 3. Nc3 Qe5+ 4. Be2 c6 5. Nf3 Qc7 6. d4 Nf6 7. Ne5 Nbd7 8. Bf4 Nxe5 9. Bxe5 Qb6 10. Na4 Qa5+ 11. c3 Nd7 12. b4 Qd5 13. Bg3 Qxg2 14. Bf3 Qh3 15. d5 cxd5 16. Qxd5 g6 17. Qd4 e5 18. Qd5 Bg7 19. Nc5 0-0 20. Bg2 Nb6 21. Qf3 Qf5 22. 0-0 Qxf3 23. Bxf3 f5 24. Bd1 h6 25. Bb3+ Kh7 26. f3 e4 1/2-1/2

[Event "NRW Verbandsklasse Group2 1314"]
[Site "Nordrheinwestfalen"]
[Date "2014.03.09"]
[Round "8"]
[White "Burchert, Wolfgang"]
[Black "Patzer, Joerg"]
[Result "1/2-1/2"]
[WhiteElo "2070"]
[BlackElo "1908"]
[PlyCount "57"]
[EventDate "2013.09.08"]
[EventType "team-tourn"]
[EventRounds "9"]
[EventCountry "GER"]
[SourceTitle "EXT 2020"]
[Source "ChessBase"]
[SourceDate "2019.10.17"]
[SourceVersion "1"]
[SourceVersionDate "2019.10.17"]
[SourceQuality "1"]
[WhiteTeam "Dortmund Hansa III"]
[BlackTeam "Horst Emscher II"]
[WhiteTeamCountry "GER"]
[BlackTeamCountry "GER"]

1. e4 d6 2. d4 Nf6 3. Nc3 g6 4. g3 Bg7 5. Bg2 0-0 6. Nge2 c6 7. 0-0 e5 8. dxe5 dxe5 9. Qxd8 Rxd8 10. Be3 Be6 11. h3 Na6 12. a3 Nd7 13. Rad1 b6 14. f4 Bf8 15. Rd2 Bc5 16. Bxc5 Ndxc5 17. Rfd1 Rxd2 18. Rxd2 Nb7 19. fxe5 Rd8 20. Rxd8+ Nxd8 21. Nf4 Nb8 22. Kf2 Nd7 23. Nd3 Bc4 24. Ke3 Bxd3 25. cxd3 Nxe5 26. Bf1 Kf8 27. d4 Nd7 28. Bc4 Ke7 29. g4 1/2-1/2

[Event "NRW Verbandsklasse Group2 1314"]
[Site "Nordrheinwestfalen"]
[Date "2013.10.13"]
[Round "2.1"]
[White "Unteregge, Michael"]
[Black "Burchert, Wolfgang"]
[Result "1/2-1/2"]
[WhiteElo "1967"]
[BlackElo "2070"]
[PlyCount "55"]
[EventDate "2013.09.08"]
[EventType "team-tourn"]
[EventRounds "9"]
[EventCountry "GER"]
[SourceTitle "EXT 2020"]
[Source "ChessBase"]
[SourceDate "2019.10.17"]
[SourceVersion "1"]
[SourceVersionDate "2019.10.17"]
[SourceQuality "1"]
[WhiteTeam "Germania Kupferdreh"]
[BlackTeam "Dortmund Hansa III"]
[WhiteTeamCountry "GER"]
[BlackTeamCountry "GER"]

1. Nf3 c5 2. c4 Nf6 3. Nc3 b6 4. e4 d6 5. d4 cxd4 6. Nxd4 Bb7 7. Bd3 a6 8. 0-0 e6 9. f4 Qc7 10. Be3 Be7 11. f5 e5 12. Nb3 h5 13. h3 Nbd7 14. Qe2 Rc8 15. Rac1 Qb8 16. Nd5 Bxd5 17. cxd5 Nc5 18. Nxc5 bxc5 19. Bxa6 Rc7 20. Bb5+ Kf8 21. Bd2 Rb7 22. a4 Bd8 23. b3 Qa7 24. Bc4 Ba5 25. Bg5 Bb4 26. Kh2 Qa5 27. Rg1 Rb8 28. Rgd1 1/2-1/2

[Event "Ruhrgebiet Verbandsliga1 1213"]
[Site "Nordrheinwestfalen"]
[Date "2012.09.30"]
[Round "2.1"]
[White "Sohlmann, Jan Henning"]
[Black "Burchert, Wolfgang"]
[Result "0-1"]
[WhiteElo "2151"]
[BlackElo "2065"]
[PlyCount "68"]
[EventDate "2012.09.02"]
[EventType "team-tourn"]
[EventRounds "9"]
[EventCountry "GER"]
[SourceTitle "EXT 2020"]
[Source "ChessBase"]
[SourceDate "2019.10.17"]
[SourceVersion "1"]
[SourceVersionDate "2019.10.17"]
[SourceQuality "1"]
[WhiteTeam "Welper SV"]
[BlackTeam "Dortmund Hansa III"]
[WhiteTeamCountry "GER"]
[BlackTeamCountry "GER"]

1. e4 c5 2. Nf3 e6 3. d3 d5 4. Qe2 Nc6 5. g3 Nf6 6. Bg2 Be7 7. 0-0 0-0 8. e5 Nd7 9. c4 Nb6 10. Rd1 f6 11. Nc3 d4 12. Ne4 f5 13. Ned2 Bd7 14. h4 Qc7 15. Re1 Nd8 16. Ng5 Bxg5 17. hxg5 Bc6 18. Nf3 a5 19. Bf4 Nf7 20. Qd2 Nh8 21. Kh2 Ng6 22. Re2 Nd7 23. Rh1 b6 24. Ree1 Rfb8 25. Kg1 b5 26. cxb5 Rxb5 27. b3 a4 28. Qc2 axb3 29. axb3 Qb7 30. Nxd4 Bxg2 31. Rh2 cxd4 32. Rxg2 Rxb3 33. Qc4 Qb6 34. Rc1 Ndxe5 0-1

[Event "Ruhrgebiet Verbandsliga1 1112"]
[Site "Nordrheinwestfalen"]
[Date "2012.02.12"]
[Round "6.1"]
[White "Burchert, Wolfgang"]
[Black "Valkyser, Martin"]
[Result "1-0"]
[WhiteElo "2082"]
[BlackElo "2179"]
[PlyCount "51"]
[EventDate "2012.09.18"]
[EventType "team-tourn"]
[EventRounds "9"]
[EventCountry "GER"]
[SourceTitle "EXT 2020"]
[Source "ChessBase"]
[SourceDate "2019.10.17"]
[SourceVersion "1"]
[SourceVersionDate "2019.10.17"]
[SourceQuality "1"]
[WhiteTeam "Dortmund Hansa III"]
[BlackTeam "Katernberg SF III"]
[WhiteTeamCountry "GER"]
[BlackTeamCountry "GER"]

1. e4 c5 2. Nf3 e6 3. d4 cxd4 4. Nxd4 a6 5. g3 b5 6. Bg2 Bb7 7. 0-0 Qc7 8. a4 b4 9. c3 Nf6 10. Re1 bxc3 11. Nxc3 d6 12. Qb3 Nbd7 13. Nd5 exd5 14. exd5+ Kd8 15. Bg5 Qb6 16. Qe3 Rc8 17. Bxf6+ gxf6 18. Qe8+ Kc7 19. Rac1+ Nc5 20. Qxf7+ Kb8 21. b4 Nd3 22. Rxc8+ Bxc8 23. Nc6+ Ka8 24. Re2 Bh6 25. a5 Qb7 26. Re7 1-0

[Event "Ruhrgebiet Verbandsliga1 1112"]
[Site "Nordrheinwestfalen"]
[Date "2011.12.11"]
[Round "4.1"]
[White "Burchert, Wolfgang"]
[Black "Zatonskih, Vitaly"]
[Result "1/2-1/2"]
[WhiteElo "2082"]
[BlackElo "2261"]
[PlyCount "40"]
[EventDate "2012.09.18"]
[EventType "team-tourn"]
[EventRounds "9"]
[EventCountry "GER"]
[SourceTitle "EXT 2020"]
[Source "ChessBase"]
[SourceDate "2019.10.17"]
[SourceVersion "1"]
[SourceVersionDate "2019.10.17"]
[SourceQuality "1"]
[WhiteTeam "Dortmund Hansa III"]
[BlackTeam "Muelheim Nord III"]
[WhiteTeamCountry "GER"]
[BlackTeamCountry "GER"]

1. e4 e5 2. Nf3 d6 3. d4 exd4 4. Nxd4 g6 5. g3 Bg7 6. Bg2 Nf6 7. 0-0 0-0 8. h3 Re8 9. Nc3 Nbd7 10. Re1 Nc5 11. Nb3 Ne6 12. Be3 Nd7 13. f4 Nb6 14. Qd3 c5 15. Qf1 Nd4 16. Bxd4 cxd4 17. Nb5 Be6 18. N5xd4 Bxb3 19. Nxb3 Bxb2 20. Rad1 Qc7 1/2-1/2